[Event "MuConsult Tienkamp 2013"]
[Site "dok Zuid"]
[Date "2013.05.25"]
[Round "1.1"]
[White "Merijn van Delft"]
[Black "Sipke Ernst"]
[Result "0-1"]
[LiveChessVersion "1.4.1"]
[BlackElo "2554"]
[WhiteElo "2394"]

1. e4 e5 2. Nf3 Nc6 3. Bb5 a6 4. Ba4 Nf6 5. d3 d6 6. c3 g6 7. Nbd2 Bg7 8. Nf1 O-O 9. Ne3 Be6 10. Ng5 Bd7 11. b4 Nh5 12. h4 h6 13. Nf3 a5 14. b5 Ne7 15. Rb1 Qe8 16. g4 Nf4 17. g5 d5 18. c4 d4 19. Nd5 Nexd5 20. cxd5 Bg4 21. Rg1 Bh5 22. Ba3 b6 23. Rg3 f5 24. Bxf8 Bxf8 25. Qb3 Bd6 26. gxh6 Kh7 27. Ng5+ Kxh6 28. Qc4 Be2 29. Bd1 Bxd1 30. Rxd1 Qe7 31. Kd2 Rf8 32. Rf3 Kh5 33. Rh1 Rf6 34. Kc2 Ne2 35. Re1 Nc3 36. Kb2 fxe4 37. dxe4 Rxf3 38. Nxf3 Qf8 39. Qd3 Ba3+ 40. Ka1 Qb4 41. Qc2 d3 42. Qb3 Qc5 43. Rf1 a4 0-1

[Event "MuConsult Tienkamp 2013"]
[Site "dok Zuid"]
[Date "2013.05.25"]
[Round "1.2"]
[White "Hugo ten Hertog"]
[Black "Stefan Kuipers"]
[Result "1-0"]
[LiveChessVersion "1.4.1"]
[BlackElo "2425"]
[WhiteElo "2388"]

1. c4 c6 2. Nf3 d5 3. b3 Nf6 4. Bb2 Bf5 5. e3 e6 6. Be2 Nbd7 7. Nd4 Bg6 8. cxd5 cxd5 9. O-O Bc5 10. a3 O-O 11. b4 Bb6 12. d3 Qe7 13. Nd2 e5 14. N4f3 e4 15. Nh4 Ne5 16. Nxg6 hxg6 17. dxe4 dxe4 18. Qb3 Bc7 19. g3 Qd7 20. Rfd1 Qh3 21. Bf1 Qf5 22. h3 Rad8 23. Bxe5 Bxe5 24. Rac1 Rfe8 25. Nc4 Bb8 26. Na5 Nh5 27. Nxb7 Rxd1 28. Rxd1 Nxg3 29. fxg3 Bxg3 30. Bg2 Bf2+ 31. Kh1 Re5 32. Nd6 Qf6 33. Nxf7 Rh5 34. Rd8+ 1-0

[Event "MuConsult Tienkamp 2013"]
[Site "dok Zuid"]
[Date "2013.05.25"]
[Round "1.3"]
[White "Roeland Pruijssers"]
[Black "Maarten Solleveld"]
[Result "0-1"]
[LiveChessVersion "1.4.1"]
[BlackElo "2529"]
[WhiteElo "2552"]

1. e4 e5 2. Nf3 Nc6 3. Bc4 Nf6 4. d3 Be7 5. O-O O-O 6. Re1 d6 7. a4 Na5 8. Ba2 c5 9. Nc3 h6 10. h3 Be6 11. Nd5 Nxd5 12. exd5 Bd7 13. Bd2 b6 14. c3 Re8 15. Qe2 Bxa4 16. b4 cxb4 17. cxb4 Nb3 18. Rab1 Nxd2 19. Nxd2 Bd7 20. b5 f5 21. Bc4 Bg5 22. Nf1 Qc7 23. Qh5 Kh7 24. g3 Qc5 25. h4 Bf6 26. Ne3 g6 27. Qf3 h5 28. Rec1 Rac8 29. Qd1 f4 30. Nf1 fxg3 31. Nxg3 Bxh4 32. Ne4 Qd4 33. Rc2 Rf8 34. Qf1 Rf4 35. Re1 Rcf8 36. Ba2 Bxb5 37. Bc4 Bxc4 38. Rxc4 Qxd5 39. Qg2 Bxf2+ 40. Nxf2 Qxg2+ 41. Kxg2 Rxf2+ 42. Kg1 R2f4 43. Rc6 Rg4+ 44. Kh1 Rf3 45. Kh2 Rxd3 46. Rc7+ Kh6 47. Rxa7 Rd2+ 48. Kh1 Rgg2 49. Rb7 Rh2+ 50. Kg1 Rdg2+ 51. Kf1 Rh1+ 52. Kxg2 Rxe1 53. Rxb6 Rd1 54. Kf2 Kg5 55. Ke2 Rd4 56. Rb1 h4 57. Kf3 Kf5 58. Rb8 Rd3+ 59. Ke2 e4 60. Rf8+ Ke5 61. Re8+ Kd4 62. Rg8 Rg3 63. Ra8 d5 64. Ra4+ Ke5 65. Kf2 g5 66. Ra8 Rb3 67. Ke2 d4 68. Ra5+ Kf4 69. Ra4 d3+ 70. Kf1 Kf3 71. Kg1 Rb1+ 72. Kh2 d2 73. Ra3+ e3 74. Ra8 d1=Q 75. Rf8+ Kg4 76. Rf1 Qe2+ 77. Rf2 Qxf2# 0-1

[Event "MuConsult Tienkamp 2013"]
[Site "dok Zuid"]
[Date "2013.05.25"]
[Round "1.4"]
[White "Sjef Rijnaarts"]
[Black "Armen Hachijan"]
[Result "0-1"]
[LiveChessVersion "1.4.1"]
[BlackElo "2217"]
[WhiteElo "2353"]

1. e4 c5 2. Nf3 d6 3. d4 cxd4 4. Nxd4 Nf6 5. Nc3 a6 6. Be3 e6 7. f3 b5 8. Qd2 Nfd7 9. a4 bxa4 10. Nxa4 Be7 11. Bc4 Ne5 12. Bb3 O-O 13. O-O a5 14. Kh1 Ba6 15. Rfd1 Nc4 16. Bxc4 Bxc4 17. b3 Ba6 18. c4 Bb7 19. Nb5 Ra6 20. Bf4 e5 21. Bg3 Nd7 22. Qc2 Qb8 23. Ra2 Bc6 24. Nac3 Nf6 25. Bh4 Kh8 26. Bxf6 gxf6 27. Rda1 Bd8 28. Qd2 Bd7 29. b4 f5 30. exf5 Bxf5 31. bxa5 Rg8 32. Nd5 Be6 33. Rd1 Qc8 34. Qc3 Qc5 35. f4 Rxa5 36. Rxa5 Bxa5 37. Qxa5 Bxd5 38. cxd5 Rb8 39. Nc3 Qxa5 40. fxe5 Qxc3 0-1

[Event "MuConsult Tienkamp 2013"]
[Site "dok Zuid"]
[Date "2013.05.25"]
[Round "1.5"]
[White "Thomas Beerdsen"]
[Black "Twan Burg"]
[Result "0-1"]
[LiveChessVersion "1.4.1"]
[BlackElo "2479"]
[WhiteElo "2195"]

1. e4 c5 2. Nf3 d6 3. d4 cxd4 4. Nxd4 Nf6 5. Nc3 a6 6. Be3 Nbd7 7. g4 h6 8. h4 Ne5 9. f3 d5 10. exd5 Nxd5 11. Nxd5 Qxd5 12. Rh2 Bd7 13. Rd2 e6 14. Be2 Nc4 15. Nxe6 Qxe6 16. Bxc4 Qxc4 17. Rxd7 Qe6 18. Rd3 Be7 19. Qe2 Rc8 20. c3 O-O 21. Bf2 Qc6 22. Kf1 Rce8 23. Qc2 f5 24. Qb3+ Kh8 25. g5 hxg5 26. hxg5 Bxg5 27. Kg2 Bh6 28. Rh1 f4 29. Qd1 Qg6+ 30. Kf1 Kh7 31. Rd6 Re6 32. Rd7 b5 33. Bd4 Rf7 34. Rxf7 Qxf7 35. Qd3+ Kg8 36. Kf2 Re8 37. b3 Qe7 38. Rxh6 Qe1+ 39. Kg2 Re2+ 40. Kh3 Qf1+ 41. Kg4 Rg2+ 0-1

[Event "MuConsult Tienkamp 2013"]
[Site "dok Zuid"]
[Date "2013.05.25"]
[Round "2.1"]
[White "Sipke Ernst"]
[Black "Twan Burg"]
[Result "0-1"]
[LiveChessVersion "1.4.1"]
[BlackElo "2479"]
[WhiteElo "2554"]

1. Nf3 Nf6 2. c4 b6 3. g3 Bb7 4. Bg2 c5 5. O-O g6 6. b3 Bg7 7. Bb2 O-O 8. Nc3 d5 9. Nxd5 Nxd5 10. Bxg7 Kxg7 11. cxd5 Qxd5 12. d4 cxd4 13. Qxd4+ Qxd4 14. Nxd4 Bxg2 15. Kxg2 Rc8 16. Rfc1 Nd7 17. f4 e5 18. Nb5 exf4 19. gxf4 Nc5 20. b4 Ne6 21. Kf3 a6 22. Nd6 Rxc1 23. Rxc1 Rd8 24. Rd1 f5 25. Rd3 Kf6 26. e4 fxe4+ 27. Nxe4+ Ke7 28. Ra3 Nd4+ 29. Kg4 h5+ 30. Kg5 Kf7 31. Kh4 Nf5+ 32. Kh3 Rd4 33. Ng5+ Ke8 34. Rxa6 Rxf4 35. Ra8+ Kd7 36. Ra7+ Kc6 37. Nf7 Rh4+ 38. Kg2 Rxb4 39. Kf3 Rh4 40. Ne5+ Kb5 41. Nxg6 Rxh2 42. a4+ Kc5 43. a5 b5 44. Rc7+ Kd6 45. Rb7 Kc6 46. Rb6+ Kc5 47. Ne5 Nd4+ 48. Kg3 Ra2 49. Nd7+ Kc4 50. a6 b4 51. Ne5+ Kc3 52. Nc6 Nxc6 53. Rxc6+ Kd3 54. Rb6 Kc3 55. Rc6+ Kb2 56. Kh4 Ra5 57. Rb6 b3 0-1

[Event "MuConsult Tienkamp 2013"]
[Site "dok Zuid"]
[Date "2013.05.25"]
[Round "2.2"]
[White "Armen Hachijan"]
[Black "Thomas Beerdsen"]
[Result "1-0"]
[LiveChessVersion "1.4.1"]
[BlackElo "2195"]
[WhiteElo "2217"]

1. e4 c5 2. Nf3 d6 3. d3 Nf6 4. Nbd2 g6 5. g3 Bg7 6. Bg2 Nc6 7. O-O O-O 8. c3 Rb8 9. a3 b5 10. b4 Nd7 11. Qb3 a5 12. Bb2 Qb6 13. Rfd1 Nce5 14. Ne1 c4 15. dxc4 Ng4 16. Nd3 Nde5 17. c5 dxc5 18. Nxc5 Kh8 19. Nf3 f5 20. Nxe5 Bxe5 21. c4 bxc4 22. Bxe5+ Nxe5 23. Qc3 Qf6 24. f4 Ng4 25. e5 Qb6 26. Rab1 Bb7 27. Bxb7 Rxb7 28. h3 Nh6 29. Qxc4 Qc6 30. Qd5 Rc7 31. Qxc6 Rxc6 32. Rd4 Kg7 33. Rbd1 g5 34. Rd7 Re8 35. R1d6 Rxd6 36. exd6 gxf4 37. Rxe7+ Rxe7 38. dxe7 Kf7 39. bxa5 fxg3 40. a6 f4 41. a7 f3 42. e8=Q+ 1-0

[Event "MuConsult Tienkamp 2013"]
[Site "dok Zuid"]
[Date "2013.05.25"]
[Round "2.3"]
[White "Maarten Solleveld"]
[Black "Sjef Rijnaarts"]
[Result "1/2-1/2"]
[LiveChessVersion "1.4.1"]
[BlackElo "2353"]
[WhiteElo "2529"]

1. c4 c6 2. e4 d5 3. cxd5 cxd5 4. exd5 Nf6 5. Qa4+ Nbd7 6. Nc3 g6 7. Nf3 Bg7 8. Bc4 O-O 9. d3 a6 10. Qa3 b6 11. O-O Bb7 12. Re1 Re8 13. Be3 b5 14. Bb3 Bf8 15. Qb4 Nb6 16. Bxb6 Qxb6 17. Qh4 Rad8 18. Ng5 Bg7 19. d6 e6 20. Nce4 Bxe4 21. dxe4 h6 22. Nh3 Rxd6 23. Rad1 Red8 24. e5 Rd4 25. Qg3 Rxd1 26. Bxd1 Nd7 27. Bf3 Qc7 28. Qf4 Nxe5 29. Be2 Qa5 30. Qc1 Qxa2 31. Nf4 Nc4 32. Bxc4 bxc4 33. h4 Bxb2 34. Qc2 Qb3 35. Qe4 Bg7 36. h5 g5 37. Nxe6 fxe6 38. Qxe6+ Kh8 39. Qg6 Qc3 40. Re8+ Rxe8 41. Qxe8+ Kh7 42. Qg6+ Kg8 43. Qe8+ Bf8 44. Qe6+ Kh8 45. Qf7 Qe1+ 46. Kh2 Qe5+ 47. g3 Qe7 48. Qxc4 Qf6 49. Kg1 Kg7 50. Qc7+ Be7 51. Qa7 Qe6 52. Qc7 Kf7 53. Qc3 Qf5 54. Qc4+ Ke8 55. Qxa6 Bc5 56. Qa2 g4 57. Kf1 Qxh5 58. Qg8+ Kd7 59. Qg7+ Kc6 60. Qf6+ Kb5 61. Qb2+ Bb4 62. Qe2+ Ka5 63. Qa2+ Kb6 64. Qe6+ Kb7 65. Qd7+ Kb6 66. Qe6+ Ka5 67. Qe4 Qb5+ 68. Kg1 Qc5 69. Kh2 1/2-1/2

[Event "MuConsult Tienkamp 2013"]
[Site "dok Zuid"]
[Date "2013.05.25"]
[Round "2.4"]
[White "Stefan Kuipers"]
[Black "Roeland Pruijssers"]
[Result "0-1"]
[LiveChessVersion "1.4.1"]
[BlackElo "2552"]
[WhiteElo "2425"]

1. e4 e5 2. Nf3 Nc6 3. c3 f5 4. d4 fxe4 5. Nxe5 Nf6 6. Bc4 d5 7. Bb5 Bd7 8. Nxd7 Qxd7 9. Bf4 Bd6 10. Bxd6 Qxd6 11. O-O O-O 12. Bxc6 bxc6 13. Na3 Qf4 14. f3 Rae8 15. Nc2 Qh6 16. Nb4 Nh5 17. fxe4 Qe3+ 18. Kh1 Ng3+ 0-1

[Event "MuConsult Tienkamp 2013"]
[Site "dok Zuid"]
[Date "2013.05.25"]
[Round "2.5"]
[White "Merijn van Delft"]
[Black "Hugo ten Hertog"]
[Result "0-1"]
[LiveChessVersion "1.4.1"]
[BlackElo "2388"]
[WhiteElo "2394"]

1. e4 g6 2. d4 Bg7 3. Nc3 a6 4. Be3 b5 5. Qd2 Bb7 6. f3 d6 7. h4 h6 8. O-O-O Nd7 9. Kb1 Rc8 10. g3 Ngf6 11. Bh3 e6 12. Nce2 Nb6 13. b3 Ra8 14. Nf4 g5 15. Bxe6 gxf4 16. Bxf7+ Kxf7 17. gxf4 Qd7 18. Ne2 d5 19. e5 Nh5 20. Qd3 Bc8 0-1

[Event "MuConsult Tienkamp 2013"]
[Site "dok Zuid"]
[Date "2013.05.25"]
[Round "3.1"]
[White "Hugo ten Hertog"]
[Black "Sipke Ernst"]
[Result "0-1"]
[LiveChessVersion "1.4.1"]
[BlackElo "2554"]
[WhiteElo "2388"]

1. e4 c6 2. Nc3 d5 3. Nf3 Bg4 4. h3 Bxf3 5. Qxf3 e6 6. d3 Nf6 7. Bd2 Bb4 8. e5 Nfd7 9. Qg4 Bf8 10. f4 g6 11. d4 c5 12. dxc5 Nxc5 13. O-O-O Nc6 14. Be3 Qa5 15. Kb1 O-O-O 16. Nb5 Ne4 17. Bd3 Nb4 18. Bxe4 Qxa2+ 19. Kc1 Qa1+ 20. Kd2 dxe4+ 21. Nd6+ Rxd6+ 22. exd6 Qxb2 23. d7+ Kxd7 24. Ke2+ Kc8 25. Rd2 Bg7 26. Kf2 Bc3 27. Re2 Nd5 28. Bc1 Qb5 29. Rd1 f5 30. Qg5 Qb6+ 31. Kf1 Bf6 32. Qg3 Nc3 33. Be3 Qb5 0-1

[Event "MuConsult Tienkamp 2013"]
[Site "dok Zuid"]
[Date "2013.05.25"]
[Round "3.2"]
[White "Roeland Pruijssers"]
[Black "Merijn van Delft"]
[Result "1-0"]
[LiveChessVersion "1.4.1"]
[BlackElo "2394"]
[WhiteElo "2552"]

1. e4 c6 2. d4 d5 3. Nc3 dxe4 4. Nxe4 Bf5 5. Ng3 Bg6 6. h4 h6 7. Nf3 Nd7 8. h5 Bh7 9. Bd3 Bxd3 10. Qxd3 e6 11. Bd2 Ngf6 12. O-O-O Be7 13. Kb1 Qb6 14. Ne5 Rd8 15. Qe2 O-O 16. f4 Rfe8 17. Ka1 c5 18. Nf1 cxd4 19. Nd3 Qc6 20. Kb1 Nc5 21. Ne5 Qe4 22. Qf2 Rc8 23. Rc1 Qd5 24. Rh3 Nfe4 25. Qe2 Na4 26. Rb3 a6 27. g4 b5 28. Be1 Red8 29. g5 hxg5 30. h6 g6 31. Ng3 Nac5 32. Rf3 Bf6 33. Ng4 Bh8 34. fxg5 Nxg5 35. Ra3 f5 36. Nf2 e5 37. Bb4 Nh7 38. Nxf5 gxf5 39. Rg1+ Kf8 40. Nd3 Ke8 41. Qh5+ Qf7 42. Rg8+ Ke7 43. Bxc5+ Rxc5 44. Qxf7+ Kxf7 45. Rxd8 Rd5 46. Rxd5 1-0

[Event "MuConsult Tienkamp 2013"]
[Site "dok Zuid"]
[Date "2013.05.25"]
[Round "3.3"]
[White "Sjef Rijnaarts"]
[Black "Stefan Kuipers"]
[Result "1-0"]
[LiveChessVersion "1.4.1"]
[BlackElo "2425"]
[WhiteElo "2353"]

1. e4 d6 2. d4 Nf6 3. Nc3 e5 4. Nge2 Nbd7 5. f3 Be7 6. Be3 O-O 7. Qd2 c6 8. g4 b5 9. a3 Nb6 10. b3 Nfd7 11. Ng3 exd4 12. Bxd4 Ne5 13. Bg2 a5 14. Nce2 a4 15. O-O Be6 16. Nf4 axb3 17. Nxe6 fxe6 18. cxb3 c5 19. Bb2 Qc7 20. f4 Nc6 21. Nh5 Rf7 22. Rac1 Rd8 23. g5 d5 24. Bh3 dxe4 25. Qe2 Qd6 26. Qxe4 Nd4 27. Rcd1 g6 28. Bxd4 cxd4 29. Bxe6 gxh5 30. g6 hxg6 31. Qxg6+ Kh8 32. Qxf7 1-0

[Event "MuConsult Tienkamp 2013"]
[Site "dok Zuid"]
[Date "2013.05.25"]
[Round "3.4"]
[White "Thomas Beerdsen"]
[Black "Maarten Solleveld"]
[Result "0-1"]
[LiveChessVersion "1.4.1"]
[BlackElo "2529"]
[WhiteElo "2195"]

1. e4 e5 2. Nf3 Nc6 3. Bb5 a6 4. Ba4 Nf6 5. O-O b5 6. Bb3 Be7 7. Re1 d6 8. c3 O-O 9. h3 Bb7 10. d4 Re8 11. Nbd2 Bf8 12. Bc2 g6 13. Nf1 exd4 14. Nxd4 Nxd4 15. Qxd4 c5 16. Qd1 Nxe4 17. Qf3 d5 18. Bf4 f5 19. Ng3 Qf6 20. Rad1 Rad8 21. Bc7 Rc8 22. Nxe4 dxe4 23. Qg3 Qc6 24. Bf4 Rcd8 25. h4 Bg7 26. h5 Rxd1 27. Rxd1 Qf6 28. Rd6 Re6 29. Bg5 Qf7 30. Rd8+ Re8 31. Qb8 Rxd8 32. Qxd8+ Bf8 33. c4 bxc4 34. Ba4 gxh5 35. Bd7 Kg7 36. Bf4 Be7 37. Be5+ Bf6 38. Be8 Qe6 39. Qc7+ Kf8 40. Qxb7 Kxe8 41. Bxf6 Qxf6 42. Qxh7 Qf7 43. Qh8+ Kd7 44. Qa8 Qe6 45. Qa7+ Kd6 46. Qxa6+ Kd5 47. Qb7+ Kd4 48. Qc7 e3 49. Qd8+ Ke5 50. fxe3 Ke4 51. Kf2 Qe5 52. Qh4+ Kd3 53. Qd8+ Kc2 54. Ke2 Qxb2 55. Qd1+ Kc3+ 56. Kf3 Qxa2 57. Qc1+ Qc2 58. Qa1+ Kd2 59. Kf2 Kd3+ 60. Kg3 c3 61. Qa6+ Kxe3 62. Qe6+ Qe4 63. Qh6+ f4+ 64. Kh2 c2 0-1

[Event "MuConsult Tienkamp 2013"]
[Site "dok Zuid"]
[Date "2013.05.25"]
[Round "3.5"]
[White "Twan Burg"]
[Black "Armen Hachijan"]
[Result "1-0"]
[LiveChessVersion "1.4.1"]
[BlackElo "2217"]
[WhiteElo "2479"]

1. g3 Nf6 2. Bg2 g6 3. e4 d6 4. Ne2 c5 5. c4 Bg7 6. Nbc3 O-O 7. O-O Nc6 8. a3 Ne8 9. Rb1 Nc7 10. b4 Ne6 11. b5 Ncd4 12. d3 Nxe2+ 13. Nxe2 Nd4 14. Nxd4 Bxd4 15. Kh1 e5 16. f4 exf4 17. Bxf4 Be6 18. a4 Qd7 19. a5 Rfe8 20. Qd2 h5 21. Bg5 Bg4 22. Bf6 Qe6 23. Bxd4 cxd4 24. Qf2 h4 25. Qxd4 hxg3 26. hxg3 Qe5 27. Qe3 Re7 28. Rf4 f5 29. Kg1 Qc5 30. Qxc5 dxc5 31. a6 g5 32. axb7 Rd8 33. Rf2 f4 34. gxf4 Rxb7 35. e5 Re7 36. Bd5+ Be6 37. Be4 gxf4 38. Rxf4 Rf8 39. Rxf8+ Kxf8 40. Rf1+ Kg7 41. Rf6 Bf7 42. Ra6 Kf8 43. Kf2 Rxe5 44. Rxa7 Bxc4 45. b6 Re8 46. dxc4 1-0

[Event "MuConsult Tienkamp 2013"]
[Site "dok Zuid"]
[Date "2013.05.25"]
[Round "4.1"]
[White "Sipke Ernst"]
[Black "Armen Hachijan"]
[Result "1-0"]
[LiveChessVersion "1.4.1"]
[BlackElo "2217"]
[WhiteElo "2554"]

1. d4 Nf6 2. c4 g6 3. Nc3 Bg7 4. e4 d6 5. Nf3 O-O 6. Be2 e5 7. O-O Nbd7 8. Re1 Re8 9. Bf1 a6 10. Rb1 Nh5 11. Bg5 Bf6 12. Be3 c6 13. b4 Ng7 14. d5 Be7 15. c5 cxd5 16. cxd6 Bxd6 17. Nxd5 Ne6 18. Qd2 a5 19. a3 axb4 20. axb4 Nf4 21. Nxf4 exf4 22. Bxf4 Bxf4 23. Qxf4 Qe7 24. e5 Nf8 25. Qh6 Be6 26. Ng5 Bd5 27. Rbd1 Qxb4 28. Re3 Rad8 29. Nxh7 Nxh7 30. Rh3 Re6 31. Qxh7+ Kf8 32. Rhd3 Qe4 33. Qh6+ Ke7 34. Rd4 Qxe5 35. Qd2 Red6 36. Re1 Be6 37. Rxe5 1-0

[Event "MuConsult Tienkamp 2013"]
[Site "dok Zuid"]
[Date "2013.05.25"]
[Round "4.2"]
[White "Maarten Solleveld"]
[Black "Twan Burg"]
[Result "1/2-1/2"]
[LiveChessVersion "1.4.1"]
[BlackElo "2479"]
[WhiteElo "2529"]

1. c4 e5 2. Nc3 Nf6 3. Nf3 Nc6 4. a3 g6 5. g3 Bg7 6. Bg2 O-O 7. O-O d6 8. d3 Bd7 9. b4 Qc8 10. Re1 Bh3 11. Bh1 e4 12. Ng5 exd3 13. exd3 Bg4 14. f3 Bd7 15. Ra2 h6 16. Nge4 Nxe4 17. Nxe4 f5 18. Nf2 Nd4 19. Be3 Re8 20. f4 Bc6 21. Bxc6 Nxc6 22. Rae2 Qd7 23. Kf1 Bc3 24. Bd2 Rxe2 25. Rxe2 Bf6 26. Re1 a6 27. Qf3 Qf7 28. Nd1 Rb8 29. Bc3 Nd4 30. Qf2 Nc6 31. Qf3 Bxc3 32. Nxc3 Re8 33. Nd5 Rxe1+ 34. Kxe1 Nd4 35. Qf2 Ne6 36. Qa7 c6 37. Qb8+ Qf8 38. Qxf8+ Kxf8 39. Nb6 Ke7 40. Kf2 Nd4 41. a4 Nc2 42. b5 Kd8 43. Ke2 axb5 44. axb5 cxb5 45. Kd2 Nd4 46. Ke3 Nc2+ 47. Kd2 Nd4 48. Ke3 Ne6 49. cxb5 Nc7 50. Kd4 Nxb5+ 51. Kd5 Ke7 52. Nc8+ Kd7 53. Nb6+ Kc7 54. Na8+ Kb8 55. Nb6 Kc7 56. Na8+ Kd8 57. Nb6 Kc7 58. Na8+ 1/2-1/2

[Event "MuConsult Tienkamp 2013"]
[Site "dok Zuid"]
[Date "2013.05.25"]
[Round "4.3"]
[White "Stefan Kuipers"]
[Black "Thomas Beerdsen"]
[Result "1-0"]
[LiveChessVersion "1.4.1"]
[BlackElo "2195"]
[WhiteElo "2425"]

1. b3 c5 2. e4 d6 3. Bb2 Nc6 4. d3 Nf6 5. Be2 g6 6. g4 Bg7 7. g5 Nh5 8. Qc1 Nd4 9. Bxh5 gxh5 10. c3 Nc6 11. Nd2 d5 12. Qc2 dxe4 13. Nxe4 Bf5 14. O-O-O Qa5 15. Kb1 O-O-O 16. Ng3 Bg6 17. Nf3 Rd7 18. Nh4 Rhd8 19. Nxg6 hxg6 20. f4 e6 21. Ne4 Ne7 22. b4 Qb6 23. bxc5 Qa6 24. Nd6+ Rxd6 25. cxd6 Rxd6 26. Ka1 Nd5 27. Qd2 Qa4 28. c4 Nb4 29. Bxg7 Rxd3 30. Qe2 Re3 31. Qd2 Rd3 32. Qe2 Re3 33. Qf2 Nc2+ 34. Kb2 Nb4 35. Qxe3 Qxa2+ 36. Kc3 Qa3+ 37. Kd2 Qa2+ 38. Ke1 Nc2+ 39. Kf2 Nxe3+ 40. Kxe3 Qg2 41. Be5 Qh3+ 42. Kf2 Qh4+ 43. Ke2 Qg4+ 44. Ke3 Qh3+ 45. Kd4 Qg2 46. Rhe1 Qb2+ 47. Ke3 Qxh2 48. Re2 Qg3+ 49. Ke4 Qh3 50. Red2 Qf5+ 51. Kd4 Qh3 52. Rd3 Qg2 53. Kc3 b6 54. Rd8+ Kb7 55. R8d7+ Kc8 56. Rc7+ Kb8 57. Rd8# 1-0

[Event "MuConsult Tienkamp 2013"]
[Site "dok Zuid"]
[Date "2013.05.25"]
[Round "4.4"]
[White "Merijn van Delft"]
[Black "Sjef Rijnaarts"]
[Result "1-0"]
[LiveChessVersion "1.4.1"]
[BlackElo "2353"]
[WhiteElo "2394"]

1. e4 c5 2. Nf3 e6 3. d4 cxd4 4. Nxd4 Nc6 5. Nc3 d6 6. Be3 Nf6 7. Qd2 Be7 8. f3 e5 9. Nb3 a5 10. a4 Be6 11. Nd5 O-O 12. Bb6 Qd7 13. Nxa5 Bxd5 14. exd5 Nxa5 15. Bxa5 Bd8 16. Bxd8 Rfxd8 17. b3 b5 18. a5 Qb7 19. c4 e4 20. Be2 bxc4 21. bxc4 exf3 22. gxf3 Qa7 23. Kf1 Re8 24. Kg2 Re5 25. Rhe1 Rae8 26. Bf1 h6 27. Rxe5 Rxe5 28. h4 Rh5 29. Qf2 Qa8 30. a6 g5 31. a7 Rxh4 32. Qb6 Nd7 33. Qc6 1-0

[Event "MuConsult Tienkamp 2013"]
[Site "dok Zuid"]
[Date "2013.05.25"]
[Round "4.5"]
[White "Hugo ten Hertog"]
[Black "Roeland Pruijssers"]
[Result "0-1"]
[LiveChessVersion "1.4.1"]
[BlackElo "2552"]
[WhiteElo "2388"]

1. c4 f5 2. Nc3 Nf6 3. g3 g6 4. Bg2 Bg7 5. e3 O-O 6. Nge2 c6 7. O-O e5 8. b4 e4 9. Bb2 d6 10. d3 exd3 11. Nf4 Qe7 12. Qxd3 Nbd7 13. Nce2 Ne5 14. Qb3 g5 15. Nd3 Kh8 16. Rad1 Ng6 17. b5 Bd7 18. Nb4 Ne4 19. Bxg7+ Kxg7 20. Nd4 Rac8 21. Qb2 Qf6 22. f3 Nc5 23. f4 Ne4 24. Bxe4 fxe4 25. bxc6 bxc6 26. fxg5 Qe5 27. Qa3 a5 28. Nbc2 c5 29. Ne2 Rxf1+ 30. Rxf1 Qxg5 31. Nf4 Ne5 32. Qc3 Kg8 33. Nd5 Rf8 34. Rxf8+ Kxf8 35. Qxa5 Nxc4 36. Qa8+ Kg7 37. Nf4 Qe7 38. Qd5 Ne5 39. Qxe4 Bc6 40. Qf5 Qf7 41. Qg5+ Ng6 42. Nh5+ Kg8 43. Qd8+ Qf8 44. Qxf8+ Kxf8 45. Nf4 Ne5 46. h3 Be4 47. Ne1 Nc4 48. Kf2 Ke7 49. Ned3 Nb6 50. Ke2 Na4 51. Kd2 d5 52. Ne2 Kd6 53. Nc3 Nxc3 54. Kxc3 Bg2 55. Nf4 Bf1 56. g4 Ke5 57. a4 Ke4 58. Kd2 d4 59. exd4 Kxf4 60. dxc5 Bxh3 61. a5 Bg2 62. Kd3 Kxg4 63. Ke3 h5 64. Kd4 0-1

[Event "MuConsult Tienkamp 2013"]
[Site "dok Zuid"]
[Date "2013.05.25"]
[Round "5.1"]
[White "Roeland Pruijssers"]
[Black "Sipke Ernst"]
[Result "1-0"]
[LiveChessVersion "1.4.1"]
[BlackElo "2554"]
[WhiteElo "2552"]

1. e4 e5 2. Nf3 Nc6 3. Bc4 Bc5 4. c3 Nf6 5. d3 O-O 6. O-O d5 7. exd5 Nxd5 8. b4 Be7 9. h3 Be6 10. Re1 Bd6 11. Ng5 a5 12. b5 Nce7 13. Nxe6 fxe6 14. Nd2 Nxc3 15. Qg4 Kh8 16. Nf3 Ned5 17. Bd2 Qf6 18. Rac1 Na4 19. Bxd5 exd5 20. Qxa4 Rae8 21. Qg4 Qf7 22. Bxa5 Ra8 23. Bd2 Rxa2 24. Re2 Qe8 25. Bh6 gxh6 26. Rxa2 Rf4 27. Qg3 e4 28. Ne1 Rf3 29. Qg4 Rf4 30. Qe2 Qe5 31. dxe4 Rxe4 32. Qb2 Qxb2 33. Rxb2 Ba3 34. Rbb1 Bxc1 35. Rxc1 Rb4 36. Rc5 d4 37. Kf1 Kg8 38. Nc2 Ra4 39. Ke2 1-0

[Event "MuConsult Tienkamp 2013"]
[Site "dok Zuid"]
[Date "2013.05.25"]
[Round "5.2"]
[White "Sjef Rijnaarts"]
[Black "Hugo ten Hertog"]
[Result "0-1"]
[LiveChessVersion "1.4.1"]
[BlackElo "2388"]
[WhiteElo "2353"]

1. e4 g6 2. d4 Bg7 3. Nc3 a6 4. Be3 b5 5. h4 Bb7 6. h5 b4 7. Nd5 e6 8. Nxb4 Bxe4 9. Nd3 Ne7 10. Qd2 d6 11. f3 Bxd3 12. Bxd3 Nbc6 13. Ne2 Nd5 14. Be4 Nce7 15. Bh6 Bxh6 16. Qxh6 Nf5 17. Qd2 Rb8 18. hxg6 fxg6 19. Bxd5 exd5 20. O-O-O Qf6 21. Qa5 Qf7 22. Nc3 O-O 23. Qxd5 Ne3 24. Qxf7+ Rxf7 25. Rd2 Nc4 26. Re2 Rxb2 27. Re8+ Kg7 28. Ra8 Rb6 29. Nd5 Rb5 30. Nc3 Ra5 31. Rb8 Rg5 32. Rh2 Re7 33. Kd1 Ne3+ 34. Kc1 Rxg2 35. Rxg2 Nxg2 36. Ne4 h5 37. c4 Ne3 38. Rb4 Nf5 39. d5 Nd4 40. Ng5 Re5 41. f4 Ne2+ 42. Kd1 Nxf4 43. Nf3 Re3 44. Nd4 Rd3+ 0-1

[Event "MuConsult Tienkamp 2013"]
[Site "dok Zuid"]
[Date "2013.05.25"]
[Round "5.3"]
[White "Thomas Beerdsen"]
[Black "Merijn van Delft"]
[Result "1/2-1/2"]
[LiveChessVersion "1.4.1"]
[BlackElo "2394"]
[WhiteElo "2195"]

1. e4 c6 2. d4 d5 3. f3 e6 4. Nc3 Bb4 5. e5 c5 6. a3 Ba5 7. b4 cxd4 8. Nb5 Bc7 9. f4 Bd7 10. Nxc7+ Qxc7 11. Nf3 Ba4 12. Bd3 Qc3+ 13. Bd2 Qxd3 14. cxd3 Bxd1 15. Kxd1 Ne7 16. Nxd4 a6 17. Be3 Nbc6 18. Nxc6 Nxc6 19. Bb6 Kd7 20. Kd2 h5 21. Rac1 Rac8 22. Rc3 Ne7 23. Rhc1 Rxc3 24. Rxc3 Rc8 25. Rxc8 Kxc8 26. h3 Kd7 27. Kc3 Kc6 28. Bf2 Ng6 1/2-1/2

[Event "MuConsult Tienkamp 2013"]
[Site "dok Zuid"]
[Date "2013.05.25"]
[Round "5.4"]
[White "Twan Burg"]
[Black "Stefan Kuipers"]
[Result "1-0"]
[LiveChessVersion "1.4.1"]
[BlackElo "2425"]
[WhiteElo "2479"]

1. g3 d5 2. Nf3 c6 3. Bg2 Nf6 4. O-O Bg4 5. d3 Nbd7 6. c4 Bxf3 7. Bxf3 dxc4 8. dxc4 Ne5 9. Qb3 Nxf3+ 10. exf3 Qb6 11. Qc2 e6 12. Nc3 Be7 13. Be3 Qc7 14. Bf4 Qb6 15. Be3 Qc7 16. Bf4 Qb6 17. Be3 Qa5 18. a3 O-O 19. b4 Qh5 20. Kg2 a5 21. Qb3 Nd7 22. Bf4 Bf6 23. Rad1 axb4 24. axb4 e5 25. Rxd7 exf4 26. Ne4 Be5 27. Rxb7 Rae8 28. c5 Re6 29. Rd1 Rh6 30. h4 Qg6 31. Ng5 Bf6 32. Nxf7 1-0

[Event "MuConsult Tienkamp 2013"]
[Site "dok Zuid"]
[Date "2013.05.25"]
[Round "5.5"]
[White "Armen Hachijan"]
[Black "Maarten Solleveld"]
[Result "1/2-1/2"]
[LiveChessVersion "1.4.1"]
[BlackElo "2529"]
[WhiteElo "2217"]

1. e4 c5 2. Nf3 e6 3. d4 cxd4 4. Nxd4 a6 5. Bd3 Bc5 6. Nb3 Be7 7. Qg4 g6 8. a4 Nf6 9. Qe2 d5 10. exd5 Nxd5 11. O-O Nc6 12. c4 Nf6 13. Rd1 Qc7 14. Bh6 Bd7 15. Nc3 Nb4 16. Be4 Bf8 17. Bg5 Bg7 18. Bxf6 Bxf6 19. Qf3 Bg7 20. Nc5 Qxc5 21. Rxd7 O-O 22. Rxb7 Rad8 23. Qe2 Rd4 24. Rd1 Qxc4 25. Rxd4 Qxd4 26. g3 Qc5 27. Qd2 Nc6 28. Rc7 Qd4 29. Qxd4 Nxd4 30. b4 Rb8 31. Rc4 f5 32. Bg2 g5 33. a5 g4 34. Na4 Rd8 35. Nc5 Rd6 36. Nb7 Rd7 37. Nc5 Rd6 38. Kf1 Nf3 39. Bxf3 gxf3 40. Ke1 Bh6 41. Rc2 Kf7 42. Nb7 Rd4 43. Rb2 Rc4 44. Rb1 Bf8 45. Kd2 Bxb4+ 46. Ke3 Rc3+ 47. Kd4 e5+ 48. Kxe5 Be7 49. Kxf5 Rc2 50. Rb6 Rxf2 51. Ke4 Rf1 52. Ke3 Bg5+ 53. Ke4 f2 54. Nd6+ Ke7 55. Nf5+ Kd7 56. Rd6+ Kc7 57. Kf3 Rb1 58. Kxf2 Rb5 59. g4 Rxf5+ 60. gxf5 Kxd6 61. Kg3 Bf6 62. Kg4 Kc5 63. Kh5 Kc6 64. Kh6 1/2-1/2

[Event "MuConsult Tienkamp 2013"]
[Site "dok Zuid"]
[Date "2013.05.25"]
[Round "6.1"]
[White "Sipke Ernst"]
[Black "Maarten Solleveld"]
[Result "1-0"]
[LiveChessVersion "1.4.1"]
[BlackElo "2529"]
[WhiteElo "2554"]

1. d4 Nf6 2. c4 g6 3. Nc3 Bg7 4. e4 d6 5. h3 O-O 6. Bg5 Na6 7. Bd3 e5 8. d5 Qe8 9. Nge2 Nd7 10. g4 Ndc5 11. Bb1 f5 12. gxf5 gxf5 13. Rg1 Kh8 14. Ng3 fxe4 15. Ncxe4 Nxe4 16. Nxe4 Bf5 17. Rg3 Nc5 18. Nxc5 dxc5 19. Bxf5 Rxf5 20. Be3 e4 21. Bxc5 Bxb2 22. Rb1 Be5 23. Bd4 b6 24. Qg4 Qf7 25. Qxe4 Re8 26. Re3 Kg8 27. Ke2 Rf4 28. Qg2+ Kf8 29. Bxe5 1-0